| 000 | 00599nam a2200205Ia 4500 | ||
|---|---|---|---|
| 001 | 9153 | ||
| 003 | GE_BSU | ||
| 008 | 181216s||||||||xx |||||||||||||| ||und|| | ||
| 040 | _cGE_BSU | ||
| 080 | _a821.353.1-32 | ||
| 100 | _aლომიძე,ანდრო | ||
| 245 | _aახალი მოთხრობები | ||
| 245 | _cრედ:ლ.კალანდაძე; | ||
| 260 | _aთბილისი. | ||
| 260 | _bსაბჭ.მწერალი. | ||
| 260 | _c1951. | ||
| 300 | _a110გვ;17სმ | ||
| 653 | _aახალი მოთხრობები | ||
| 942 | _cBK | ||
| 999 |
_c42457 _d42457 |
||